Die Paedagogik der Waldorfschule und ihre Grundlagen
Αποθηκεύτηκε σε:
| Κύριος συγγραφέας: | |
|---|---|
| Άλλοι συγγραφείς: | |
| Μορφή: | Βιβλίο |
| Γλώσσα: | German |
| Δημοσίευση: |
Darmstadt :
Wissenschaftliche Buchgesellschaft,
1992.
|
| Έκδοση: | 3η εκδ. |
| Σειρά: | Forschung Erziehungswissenschaft,
|
| Θέματα: | |
| Ετικέτες: |
Προσθήκη ετικέτας
Δεν υπάρχουν, Καταχωρήστε ετικέτα πρώτοι!
|
MARC
| LEADER | 00000cam a2200000 i 4500 | ||
|---|---|---|---|
| 001 | 1/101889 | ||
| 008 | 000216s1992 ger d | ||
| 020 | |a 3-534-08321-0 | ||
| 035 | |l 10057866 | ||
| 040 | |a GR-MY-UA |b gre |e aacr | ||
| 041 | 0 | |a ger | |
| 082 | 0 | |a 373.4347 | |
| 100 | 1 | |a Leber, Stefan. | |
| 245 | 1 | 4 | |a Die Paedagogik der Waldorfschule und ihre Grundlagen / |c Stefan Leber ; unter Mitarbeit von Erika Duehnfort ... [κ. ά.]. |
| 250 | |a 3η εκδ. | ||
| 260 | |a Darmstadt : |b Wissenschaftliche Buchgesellschaft, |c 1992. | ||
| 300 | |a 363 σ. | ||
| 490 | 1 | |a (Forschung Erziehungswissenschaft) |x 0174-0857 | |
| 600 | 1 | 0 | |a Steiner Rudolf |d 1861-1925. |
| 610 | 2 | 0 | |a Freie Waldorfschule. |
| 650 | 0 | 0 | |a Anthroposophy. |
| 700 | 1 | |a Duhnfort, Erika, |e edtf | |
| 830 | 0 | |a Forschung Erziehungswissenschaft, |x 0174-0857 | |
| 852 | |a INST |b RHODES |e 20000216 |h 373.4347 LEB |p 005400014521 |q 005400014521 |t BK |y 0 | ||
| 901 | |a BIBL4-2000-1 | ||
| 909 | |a Ρ |b 065795 | ||
| 922 | |a 4ΕΛΗ |b 199905 |c ΚΠΣ/154 |d LEADER BOOKS | ||
| 970 | |z 2000/02/16 | ||